| 000 | 00785nmc a2200277 a 4500 | ||
|---|---|---|---|
| 003 | AR-BaBNM | ||
| 005 | 20251128204257.0 | ||
| 008 | 247119s1968 ||||||||||||||000 | spa|| | ||
| 040 | _cAR-BaBNM | ||
| 100 | 1 | _aPosadas, Abel | |
| 245 | 1 | 0 | _aEl "Libro extraño" de Sicardi |
| 260 |
_aBuenos Aires _bCentro Editor de América Latina _c1968 |
||
| 300 | 0 | _a63 p. | |
| 490 | 0 |
_aEnciclopedia de la literatura argentina _vv. 9 |
|
| 500 | 0 | _aContiene referencias bibliográficas en p. 62 | |
| 600 | 1 | 4 |
_aSicardi, Francisco A. _d1856-1927 |
| 650 | 4 | _aROMANTICISMO | |
| 650 | 4 | _aLITERATURA ARGENTINA | |
| 650 | 4 | _aCRITICA LITERARIA | |
| 650 | 4 | _aESCRITORES | |
| 653 | 0 | _aNATURALISMO | |
| 653 | 0 | _aVANGUARDIAS LITERARIAS | |
| 655 | _aLITERATURA | ||
| 942 | _cBK | ||
| 998 | _cMARTIN | ||
| 999 |
_c6830 _d6830 |
||